00895cam a22002777a 4500001001000000003000500010005001700015008004100032010001000073011001000083035001000093040000900103082001700112100004900129245005200178260007300230300001000303410004500313490003700358650003600395650002000431650004200451650004200493810004500535830003700580000063203CHAP20220817043007.0971013s1996 r 00010 d a62130 a63102 a67278 cCHAP04a323.354bC3400aCastellanos Suárez, José Alfredoecoord.10aModelos de desarrollo agropecuario en México. aChapingo, Méx. :bUACH. Departamento de Sociología Rural,c1996. a59 h. aUACH. Departamento de Sociología Rural1 aReporte de investigaciónv; 2714aAgricultura y EstadoxMéxico.14aNeoliberalismo.14aProductos agrícolasxExportación.14aProductos agrícolasxImportación.00aUACH. Departamento de Sociología Rural0 aReporte de investigaciónv; 27